Central Library OPAC University of Rajshahi

Structural geology / (Record no. 11298)

MARC details
000 -LEADER
fixed length control field 00772nam a2200265 4500
001 - CONTROL NUMBER
control field 11298
003 - CONTROL NUMBER IDENTIFIER
rucl marc code BD-RjUL
005 - DATE AND TIME OF LATEST TRANSACTION
control field 20211208235113.0
008 - FIXED-LENGTH DATA ELEMENTS--GENERAL INFORMATION
fixed length control field 140126r19751972njua b 001 0 eng
020 ## - INTERNATIONAL STANDARD BOOK NUMBER
International Standard Book Number 0138538468
035 ## - SYSTEM CONTROL NUMBER
System control number (BD-RjUL)11347
040 ## - CATALOGING SOURCE
Original cataloging agency DLC
Transcribing agency DLC
Modifying agency DLC
-- BD-RjUL
Language of cataloging eng
041 ## - LANGUAGE CODE
Language code of text/sound track or separate title eng
082 00 - DEWEY DECIMAL CLASSIFICATION NUMBER
Classification number 551.8
Author mark and year BIS 1975
100 1# - MAIN ENTRY--PERSONAL NAME
Personal name Billings, Marland Pratt,
Dates associated with a name 1902-
9 (RLIN) 34947
245 00 - TITLE STATEMENT
Title Structural geology /
Statement of responsibility, etc. [by] Marland P. Billings.
250 ## - EDITION STATEMENT
Edition statement 3d ed.
260 ## - PUBLICATION, DISTRIBUTION, ETC. (IMPRINT)
Place of publication, distribution, etc. Englewood Cliffs, N.J. :
Name of publisher, distributor, etc. Prentice-Hall,
Date of publication, distribution, etc. c1972[Printing 1975].
300 ## - PHYSICAL DESCRIPTION
Pagination xv, 606 p. :
Illustrations illus. ;
Size 24 cm.
350 ## - PRICE (NR) (BK AM CF MU VM SE) [OBSOLETE]
Price $15.95
504 ## - BIBLIOGRAPHY, ETC. NOTE
Bibliography, etc Includes bibliographical references.
650 #0 - SUBJECT ADDED ENTRY--TOPICAL TERM
Topical term or geographic name as entry element Geology, Structural.
9 (RLIN) 34948
942 ## - ADDED ENTRY ELEMENTS (KOHA)
Source of classification or shelving scheme Dewey Decimal Classification
Koha item type Books
Holdings
Lost status Source of classification or shelving scheme Damaged status Not for loan Permanent Location Current Location Shelving location Date acquired Source of acquisition Cost, normal purchase price Total Checkouts Full call number Date last seen Date checked out Copy number Koha item type Collection code
  Dewey Decimal Classification     Central Library, University of Rajshahi Central Library, University of Rajshahi   14/06/1976 Printice Hall of India 27.00 1 551.8 BIS 1975 05/09/2016 27/08/2016 C-3 Books  
  Dewey Decimal Classification     Central Library, University of Rajshahi Central Library, University of Rajshahi   04/07/1983 Aligarh Library, Rajshahi 89.00 6 551.8 BIS 1982 14/11/2017 09/11/2017 C-18 Books  
  Dewey Decimal Classification     Central Library, University of Rajshahi Central Library, University of Rajshahi   04/07/1983 Aligorh library, Rajshahi 81.00   551.8 BIS 1982 17/11/2016   C-2 Books Non-fiction
  Dewey Decimal Classification     Central Library, University of Rajshahi Central Library, University of Rajshahi   06/03/1976 dhaka, paragon Enterprice ltd. 64.00 1 551.8 BIS 1975 08/07/2019 09/05/2019 C-4 Books Non-fiction
  Dewey Decimal Classification     Central Library, University of Rajshahi Central Library, University of Rajshahi   06/03/1976 dhaka, paragon Enterprice ltd. 64.00   551.8 BIS 1975 27/11/2016   C-5 Books Non-fiction
  Dewey Decimal Classification     Central Library, University of Rajshahi Central Library, University of Rajshahi   06/03/1976 dhaka, paragon Enterprice ltd. 64.00 1 551.8 BIS 1975 26/12/2017 24/12/2017 C-6 Books Non-fiction
  Dewey Decimal Classification   Not For Loan Central Library, University of Rajshahi Central Library, University of Rajshahi Reading Room 04/07/1983 Aligorh library, Rajshahi 18.00   551.8 BIS 1982 01/04/2017   C-1 Books Non-fiction
  Dewey Decimal Classification     Central Library, University of Rajshahi Central Library, University of Rajshahi   10/12/2018       551.8 BIS 1975 10/12/2018   C-7 Books Non-fiction
  Dewey Decimal Classification     Central Library, University of Rajshahi Central Library, University of Rajshahi   04/07/1983 Aligarh Libraty Rajshahi 811.00   551.8 BIS 1975 10/12/2018   C-8 Books Non-fiction
  Dewey Decimal Classification     Central Library, University of Rajshahi Central Library, University of Rajshahi   04/07/1983 Aligarh Libraty Rajshahi 81.00   551.8 BIS 1975 12/12/2018   C-9 Books Non-fiction
  Dewey Decimal Classification     Central Library, University of Rajshahi Central Library, University of Rajshahi   04/07/1983 Aligarh Libraty Rajshahi 27.00   551.8 BIS 1982 22/12/2018   C-10 Books Non-fiction
  Dewey Decimal Classification     Central Library, University of Rajshahi Central Library, University of Rajshahi   22/12/2018 Heffers and Sons 11.60   551.8 BIS 1975 22/12/2018   C-11 Books Non-fiction
  Dewey Decimal Classification     Central Library, University of Rajshahi Central Library, University of Rajshahi   05/01/2019       551.8 BIS 1975 05/01/2019   C-12 Books Non-fiction